| 000 | 00415nam a2200181Ia 4500 | ||
|---|---|---|---|
| 008 | 210210b1945 xxu||||| |||| 00| 0 eng d | ||
| 041 | _aeng | ||
| 082 | _a539/68 | ||
| 100 | _aLOW (A M) | ||
| 245 | _aScience looks ahead | ||
| 260 |
_aLondon _bOxford University Press _c1945 |
||
| 300 | _a640 | ||
| 650 | _aScience | ||
| 650 | _alooks | ||
| 650 | _aahead | ||
| 690 | _aScience Miscellany | ||
| 906 | _a009084 | ||
| 999 |
_c127832 _d127832 |
||